[Event "Summer's opening"]
[Site "SchemingMind.com"]
[Date "2008.06.19"]
[Round "-"]
[White "Evans, Stan"]
[Black "Schaakmaatje"]
[Result "1-0"]
[WhiteCountry "USA"]
[BlackCountry "NED"]
[WhiteElo "1827"]
[WhiteRD "69"]
[BlackElo "1768"]
[BlackRD "47"]
[GameID "160071"]

1. e4 c5 2. Nc3 g6 3. f4 Nc6 4. Nf3 Bg7 5. Bb5 d6 6. Bxc6+ bxc6 7. d3 Bg4 8. O-O d5 9. h3 Bc8 10. e5 Ba6
11. Re1 e6 12. Ne2 Ne7 13. a4 Nf5 14. g4 Nd4 15. Nexd4 cxd4 16. Nxd4 c5 17. Nf3 Qb6 18. b3 O-O 19. c4 Bb7 20. Rb1 d4
21. Ba3 Qc6 22. Rf1 Rfd8 23. b4 Bf8 24. bxc5 Bxc5 25. Bxc5
1-0

[Event "Summer's opening"]
[Site "SchemingMind.com"]
[Date "2008.06.19"]
[Round "-"]
[White "Andreas Flato"]
[Black "Schaakmaatje"]
[Result "0-1"]
[WhiteCountry "GER"]
[BlackCountry "NED"]
[WhiteElo "1820"]
[WhiteRD "63"]
[BlackElo "1768"]
[BlackRD "47"]
[GameID "160072"]

1. e4 c5 2. Nf3 Nc6 3. Bb5 d6 4. O-O e6 5. c3 Nf6 6. d3 Be7 7. h3 h6 8. Bf4 Qb6 9. Bxc6+ Qxc6 10. c4 O-O
11. Nc3 a6 12. a4 Bd7 13. b3 b6 14. Qd2 Kh7 15. Ra2 Rad8 16. Kh1 Nh5 17. Be3 f5 18. exf5 Rxf5 19. a5 Rxf3 20. gxf3 Qxf3+
21. Kh2 e5 22. Ne4 Qxh3+ 23. Kg1 Bg4
0-1